000 00352nam a2200133Ia 4500
008 190216s9999||||xx |||||||||||||| ||und||
100 _aRajaraman V And Radhakrishnan
245 3 _aAn Introduction To Digital Computer Design
250 _a3rd Ed.
260 _bPrentice Hall Of India Pvt Ltd
_c1993
300 _a548
650 _aComputer
942 _cBK
999 _c8387
_d8387